Tourist Satisfaction and Return Intention at Lake Balaton
| Szerző: | |
|---|---|
| További közreműködők: | |
| Dokumentumtípus: | Diplomadolgozat |
| Kulcsszavak: | Balaton Domestic tourism Hungary Return Intention satisfaction |
| Online Access: | http://dolgozattar.uni-bge.hu/59437 |
MARC
| LEADER | 00000nta a2200000 i 4500 | ||
|---|---|---|---|
| 001 | dolg59437 | ||
| 005 | 20260409145042.0 | ||
| 008 | 260409suuuu hu om 000 eng d | ||
| 040 | |a BGE Dolgozattár Repozitórium |b hun | ||
| 041 | |a en | ||
| 100 | 1 | |a Radács Fruzsina | |
| 245 | 1 | 0 | |a Tourist Satisfaction and Return Intention at Lake Balaton |c Radács Fruzsina |h [elektronikus dokumentum] |
| 520 | 3 | |a Present study investigated tourist satisfaction and return intention at the Lake Balaton touristic region in Hungary, among domestic tourists who visited the area in the past five years. Several variables of satisfaction were evaluated by 189 participants, and through statistical analyses, the predicting factors to return intention were searched. The findings show that overall satisfaction has the highest correlation with intent to return, while other factors proved to be less important in this regard. This result is consistent with the literature written in similar subjects. | |
| 695 | |a Balaton | ||
| 695 | |a Domestic tourism | ||
| 695 | |a Hungary | ||
| 695 | |a Return Intention | ||
| 695 | |a satisfaction | ||
| 700 | 1 | |a Kummitha Harshavardhan Reddy |e ths | |
| 856 | 4 | 0 | |u http://dolgozattar.uni-bge.hu/59437/1/Tourist%20Satisfaction%20and%20Return%20Intention%20at%20Lake%20Balaton.pdf |z Dokumentum-elérés |
| 856 | 4 | 0 | |u http://dolgozattar.uni-bge.hu/59437/2/Tourist%20Satisfaction%20and%20Return%20Intention%20at%20Lake%20Balaton.pdf |z Dokumentum-elérés |
| 856 | 4 | 0 | |u http://dolgozattar.uni-bge.hu/59437/3/Thesis%20Assessment%20Sheet_BSc_Radacs.pdf |z Dokumentum-elérés |
| 856 | 4 | 0 | |u http://dolgozattar.uni-bge.hu/59437/4/Fruzsina%20Rad%C3%A1cs_Review_Melanie%20Smith.pdf |z Dokumentum-elérés |